Organization and structure of Latin American universities. (Record no. 51472)

MARC details
000 -LEADER
fixed length control field 00760cam a22002051 4500
001 - CONTROL NUMBER
control field pa 61000047
003 - CONTROL NUMBER IDENTIFIER
control field DLC
005 - DATE AND TIME OF LATEST TRANSACTION
control field 20260227111855.0
008 - FIXED-LENGTH DATA ELEMENTS--GENERAL INFORMATION
fixed length control field 780803s1961 dcu i000 0 eng c
010 ## - LIBRARY OF CONGRESS CONTROL NUMBER
LC control number pa 61000047
035 ## - SYSTEM CONTROL NUMBER
System control number (OCoLC)4108202
040 ## - CATALOGING SOURCE
Original cataloging agency Pan American Union. Library
Transcribing agency MsHaU
Modifying agency IU
-- DLC
042 ## - AUTHENTICATION CODE
Authentication code premarc
050 00 - LIBRARY OF CONGRESS CALL NUMBER
Classification number LA543
Item number .A46
100 2# - MAIN ENTRY--PERSONAL NAME
Personal name Aguirre Beltrán, Gonzalo.
245 10 - TITLE STATEMENT
Title Organization and structure of Latin American universities.
Statement of responsibility, etc. [Translated into English by the Documentation and Information Service of the Division of Education, Dept. of Cultural Affairs, Pan American Union]
260 ## - PUBLICATION, DISTRIBUTION, ETC.
Place of publication, distribution, etc. Washington,
Name of publisher, distributor, etc. Pan American Union
Date of publication, distribution, etc. [1961]
300 ## - PHYSICAL DESCRIPTION
Extent 21 p.
Dimensions 28 cm.
650 #0 - SUBJECT ADDED ENTRY--TOPICAL TERM
Topical term or geographic name entry element Universities and colleges
Geographic subdivision Latin America.

No items available.

Powered by Koha